| 000 | 00432nam a2200181Ia 4500 | ||
|---|---|---|---|
| 008 | 210210b1907 xxu||||| |||| 00| 0 eng d | ||
| 041 | _aeng | ||
| 082 | _a515/148 | ||
| 100 | _aWHITEHEAD (A N) | ||
| 245 | _aAxioms of descriptive geometry | ||
| 260 |
_aCambridge _bAt the University Press _c1907 |
||
| 650 | _aof | ||
| 650 | _ageometry | ||
| 650 | _adescriptive | ||
| 650 | _aAxioms | ||
| 690 | _aGeometry | ||
| 906 | _a007712 | ||
| 999 |
_c140330 _d140330 |
||